The High temperature reactor and process applications : proceedings of the international conference organized by the British Nuclear Energy Society in London, 26-28 November 1974.

Bibliographic Details
Corporate Author: British Nuclear Energy Society
Format: Book
Language:English
Published: London : published for the British Nuclear Energy Society by Thomas Telford Ltd., 1975
Subjects:

MARC

Tag First Indicator Second Indicator Subfields
LEADER 00000cam a2200000 a 4500
001 in00000080395
005 20151008060944.0
008 760802s1975 enka b 10000 engm
010 |a  76368186  
015 |a GB76-08307 
020 |a 0727700049 :  |c 20.00 
035 |a (OCoLC)02402111 
035 |9 AAJ6972AM 
040 |a DLC  |c DLC  |d m.c.  |d TXA  |d UtOrBLW 
049 |a TXAM  |c [1196542] 
050 0 0 |a TK9203.G3  |b H53 
082 0 |a 621.48/34 
090 |a TK9203.G3  |b H53 1976 
245 0 4 |a The High temperature reactor and process applications :  |b proceedings of the international conference organized by the British Nuclear Energy Society in London, 26-28 November 1974. 
264 1 |a London :  |b published for the British Nuclear Energy Society by Thomas Telford Ltd.,  |c 1975 
264 3 |c 1976 printing 
300 |a 1 volume (various pagings) :  |b illustrations ;  |c 30 cm. 
336 |a text  |b txt  |2 rdacontent 
337 |a unmediated  |b n  |2 rdamedia 
338 |a volume  |b nc  |2 rdacarrier 
500 |a Spine title: The HTR & process applications. 
504 |a Includes bibliographical references. 
650 0 |a Gas cooled reactors  |x Congresses. 
650 0 |a Nuclear energy  |x Industrial applications  |x Congresses. 
650 0 |a Heat engineering  |v Congresses. 
710 2 |a British Nuclear Energy Society. 
740 4 |a The HTR & process applications. 
999 |a MARS 
999 f f |s e30d1093-ec34-39e2-8118-c4bbf35df42d  |i a6aac6d4-faa3-326c-a12b-01928d02233c  |t 0 
952 f f |p ric  |a Texas A&M University  |b Rellis Campus  |c Joint Library Facility  |d Remote Storage  |t 0  |e TK9203.G3 H53 1976  |h Library of Congress classification  |i unmediated -- volume  |m A14806253226 
998 f f |a TK9203.G3 H53 1976  |t 0  |l Remote Storage